000 00706nam a2200205Ia 4500
003 IN-BaIIA
008 211028s9999 xx 000 0 eng d
020 _a978-0-226-51951-7
040 _cIIA Library
080 _a524.882
_bMEL
100 _aMelia, Fulvio
_928824
245 0 _aCracking the Einstein code: relativity and the birth of black hole physics
_cFulvio Melia
260 _aChicago
_bChicago University Press
_c2009
300 _axi,137p.
650 _aBlack holes(Astronomy)
_934222
650 _aEinsteins field equations
_934223
650 _aKerr black holes-Mathematical models
_934224
650 _aKerr, R.P.(Roy P.)
_934225
942 _cBK
999 _c17975
_d17975